00314nam a22001217a 450000500170000000800410001704100130005808200130007110000130008424500450009730000250014265000250016720231130071335.0231130b |||||||| |||| 00| 0 eng d aEnglish  a340 LAW  lEnglish  aWomen and the Law : bConference Report  b27 pages ; c30 cm.  aLegal practice bLaw